| 000 | 00494cam a2200181ua 4500 | ||
|---|---|---|---|
| 020 |
_a0 07 451528 4 _c75.00 |
||
| 041 |
_aeng _h |
||
| 082 |
_a005.369 _bBAL/OF |
||
| 100 | _aBalaguruswamy, E . | ||
| 245 |
_aOffice automation and word processing / _cE Balaguruswamy. _hTextual Documents |
||
| 250 |
_a1 / _b. |
||
| 260 |
_aNew Delhi : _bTata Mc-Graw Hill Publishing Company , _c1987. |
||
| 300 | _a174 ; . | ||
| 365 | _a75.00 | ||
| 504 | _a | ||
| 942 | _cBK | ||
| 999 |
_c9538 _d9538 |
||